Statistiques concernant Retrouve les acteurs ou actrices #2

Cliquez ici pour prendre le quiz!

Statistiques générales

  • Ce quiz a été pris 160 fois
    (86 depuis la dernière actualisation)
  • Le résultat moyen est 8 sur 42

Statistiques - réponses

HintHomme/ FemmeFilms/ SériesActeurs/ actrices% Correct
4HommeLe petit Nicolas, bienvenue chez les ch'tits, SupercondriaqueKad Merad
71%
2HommeSeul sur mars, il faut sauver le soldat Ryan, Jason BourneMatt Damon
67%
7HommeIron man, Sherlock Holmes, AvengersRobert Downey Jr
64%
36FemmeLa boom, Lol, Tu veux ou tu veux pasSophie Marceau
57%
18HommeAstérix et Obelix : l'empire du milieu, Jeux d'enfants, la belle époqueGuillaume Canet
43%
1HommeStar wars le réveil de la force, House OF Gucci, AnnetteAdam Driver
38%
19HommeJoker, the master, gladiatorJoaquin Phoenix
35%
29HommeLes sous doués, le brio, la doublureDaniel Auteuil
29%
31FemmeNicky Larson, Clem, qu'est ce qu'on a fait au bon dieuElodie Fontan
29%
42FemmeSans un bruit, Jungle Cruise, le diable s'habille en pradaEmily Blunt
28%
3FemmeAvatar, Colombiana, Star TrekZoe Saldana
28%
10FemmeHaloween, À couteaux tirés, Un poisson nommé WandaJamie Lee Curtis
26%
6FemmeSpider man, Jumanji, BacheloretteKirsten Dunst
26%
20HommeAnt man, la nuit au musée, 40 ans mode d'emploiPaul Rudd
26%
8FemmeUne vie volée, Stranger Things, Black SwanWinona Ryder
24%
27HommeAvengers, Shutter Island, Et si c'était vraiMark Ruffalo
22%
37HommeGrey's Anatomy, Il était une fois, la vérité sur l'affaire Harry QuebertPatrick Dempsey
22%
15HommeCaptain marvel, Glass, spider man far from homeSamuel L. Jackson
22%
12FemmeThe kissing Booth, apparence trompeuse, the actJoey King
19%
9HommeLes éternels, Bodygard, CendrillonRichard Madden
18%
25FemmeGrey's Anatomy, Daredevil, Retour à la facEllen Pompeo
17%
24HommeArthur et les minimoys, Good doctor, charlie et la chocolaterieFreddie Highmore
17%
22HomemMentalist, Breath high, groundSimon Baker
14%
5HommeSpider man, Death Note, PlatoonWilem Dafoe
13%
17FemmeHawkeye, Bumblebee, Pitch perfect 3Hailee Steinfeld
11%
30FemmeThe originals, H20, The vampires diariesClaire Holt
10%
33FemmeH2O, The Originals, BabylonPhoebe Tonkin
10%
38FemmeBlack Panther, Mort sur le Nil, Black Panther Wakanda ForeverLetitia Wright
8%
32FemmeRiverdale, Queens, Chemical heartsLili Reinhart
8%
35FemmeDoctor strange, le monde de narnia, the souvenirTilda Swinton
7%
34HommeAlita Battle Angel, Moonlight, le chant du CygneMahershala Ali
6%
28FemmeGrey's Anatomy, directrice, sous le soleil de toscaneSandra Oh
4%
11HommeHarry Potter et le prisonnier d'Azkaban, Spencer, the last busTimothy Spall
4%
40FemmeLe monde de narnia, ReignAnna Popplewell
3%
23FemmeLe secret d'Élise, Qu'est ce qu'on a fait au bon dieu, c'est la vieJulia Piaton
3%
41FemmeDeadpool, Gotham, mentalistMorena Baccarin
3%
21FemmeThe vampires diaries, superhost, level 16Sara Canning
3%
14HommeReady Player One, X men, JoeTye Sheridan
3%
13FemmeLocke & key, Star girl, JustineDarby Stanchfield
1%
39HommeHunger games, Ne vous retournez pas, l'échappée belleDonald Sutherland
1%
16HommeTwilight, extraction, tarzanKellan Lutz
1%
26FemmeAlita battle angel, le labyrinthe la terre brûlée, Jamesy BoyRose Salazar
1%

Distribution des résultats

Percentile par nombre de réponses

% des personnes avec chaque résultat

Votre développement - résultats

Vous n’avez pas pris ce quiz depuis la dernière actualisation